The Mexican Year Book (Record no. 6052)

MARC details
000 -CABECERA
campo de control de longitud fija 01113nam a2200265 a 4500
001 - NÚMERO DE CONTROL
campo de control BRCA_6366
005 - FECHA Y HORA DE LA ÚLTIMA TRANSACCIÓN
campo de control 20190320205428.0
008 - DATOS DE LONGITUD FIJA--INFORMACIÓN GENERAL
campo de control de longitud fija 100311s1912----enka#####t---#000-0#eng-#
041 ## - CÓDIGO DE LENGUA
Código de lengua del texto/banda sonora o título independiente eng
044 ## - CÓDIGO DEL PAÍS DE LA ENTIDAD EDITORA/PRODUCTORA
Código MARC del país enk
050 #4 - SIGNATURA TOPOGRÁFICA DE LA BIBLIOTECA DEL CONGRESO
Número de clasificación HC132
Número de documento/Ítem .M49 1 1912
245 10 - MENCIÓN DE TÍTULO
Título The Mexican Year Book
Resto del título A Financial and Commercial Handbook, compiled from Official and other Returns, 1912.
260 ## - PUBLICACIÓN, DISTRIBUCIÓN, ETC.
Lugar de publicación, distribución, etc. Londres
Nombre del editor, distribuidor, etc. Mc Corquodale & Company Limited
Fecha de publicación, distribución, etc. 1912
300 ## - DESCRIPCIÓN FÍSICA
Extensión vii, lxxxviii, 467 p.
Otras características físicas il. (algunas a color), 1 retrato, 1 mapa plegable
Dimensiones 23 cm.
440 #0 - MENCIÓN DE SERIE/PUNTO DE ACCESO ADICIONAL--TÍTULO
Título The Mexican Year Book
Designación de volumen o secuencia 5
9 (RLIN) 15951
500 ## - NOTA GENERAL
Nota general Incluye directores y funcionarios de empresas públicas, lista de empresas, índice de aranceles, índice general, índice alfabético de anunciantes, índice clasificado de anunciantes y anuncios
500 ## - NOTA GENERAL
Nota general Edición con canto de cabeza dorado
500 ## - NOTA GENERAL
Nota general Estado fisíco: hoja del retrato desprendida
500 ## - NOTA GENERAL
Nota general Ver también CEF64 y H91
500 ## - NOTA GENERAL
Nota general CEF63
650 14 - PUNTO DE ACCESO ADICIONAL DE MATERIA--TÉRMINO DE MATERIA
Término de materia o nombre geográfico como elemento de entrada Finanzas
Subdivisión de forma Anuarios
Subdivisión geográfica México
9 (RLIN) 11370
651 #4 - PUNTO DE ACCESO ADICIONAL DE MATERIA--NOMBRE GEOGRÁFICO
Nombre geográfico México
Subdivisión de forma Anuarios
Subdivisión general Condiciones económicas
9 (RLIN) 14706
902 ## - CATALOGADOR
Iniciales GFM
942 ## - ELEMENTOS DE PUNTO DE ACCESO ADICIONAL (KOHA)
Fuente del sistema de clasificación o colocación Library of Congress Classification
Tipo de ítem Koha Libros
Holdings
Estado de retiro Estado de pérdida Estado dañado No para préstamo Localización permanente Ubicación/localización actual Fecha de adquisición Número de inventario Total de préstamos Signatura topográfica completa Código de barras Fecha visto por última vez Precio válido a partir de Tipo de ítem Koha
El ejemplar forma parte de la colección y puede ser consultado según las políticas vigentes.       Biblioteca del Museo Franz Mayer (Rogerio Casas-Alatriste) Biblioteca del Museo Franz Mayer (Rogerio Casas-Alatriste) 24/08/2011 CEF63   HC132 .M49 1 1912 (CEF63) 6813 22/03/2019 22/03/2019 Libros